000 05136cam a22014174i 4500
003 PE-LiUPU
005 20250813185622.0
008 150706s2013 sp a r b 000 0 spa d
020 _a8436828321
020 _a9788436828320
035 _a(Sirsi) i9788436828320
040 _aPE-LiUPU
_bspa
_cPE-LiUPU
_dPE-LiUPU
_erda
049 _aPRUA
082 0 4 _a302
_bD75
_220
082 0 4 _a316.6
_bD75 2013
100 1 _aDiego Vallejo, Raúl de,
_eautor.
245 1 0 _aPrácticas de psicología social /
_cRaúl de Diego Vallejo y Mercedes Chico del Río.
264 1 _aMadrid :
_bPirámide,
_c2013.
300 _a228 páginas :
_bilustraciones ;
_c23 centimetros.
336 _atext
_2rdacontent
337 _aunmediated
_2rdamedia
338 _avolume
_2rdacarrier
490 0 _aPsicología
500 _aAdaptado EEES"--Cubierta .
504 _aBibliografía : páginas 215-221.
505 0 _aEstatus sociométrico -- Aproximación social -- Pertenencia grupal -- Influencia normativa. La investigación normativa. La investigación psicosocial -- Interacción social -- Teoría de la atribución - Prejuicios -- Influencia de los demás -- Atracción interpersonal -- Relaciones de pareja -- El individuo en grupo -- Primeras impresiones interpersonales -- Comunicación interpersonal -- Pautas de reacción ante una tensión grave y crónica entre soldados norteamericanos prisioneros de los chinos -- Diferentes tipos de parámetros emocionales -- Mecanismos de supuestos agresivos -- La agresión en W. McDougall y A. Montagu -- El entorno educativo desde la psicología ambiental -- Estructura de grupos -- Actitudes racistas en la escuela -- El clima psicosocial -- Autoeficacia percibida del escolar -- Estructuras conceptuales del diferencial semántico -- Relaciones interactivas en el aula -- El integrismo como ideología -- Valores y motivación humana -- Rendimiento en presencia de otros -- La amistad -- Orden natal y reacción -- Psicología social y mediación en conflictos -- Teoría de la equidad -- Productividad grupal y solución de problemas -- La propaganda del miedo -- Catástrofes y factores psicosociales -- La técnica del grupal nominal -- Estudio de las emociones -- La importancia de un estilo de comunicación igualitario.
526 _aP202
526 _aP201
526 _aP163
526 _aP162
526 _aP161
526 _aP160
526 _aP148
526 _aP147
526 _aP146
526 _aP145
526 _aP144
526 _aP143
526 _aP142
526 _aP141
526 _aP140
526 _aP139
526 _aP138
526 _aP137
526 _aP136
526 _aP135
526 _aP134
526 _aP133
526 _aP129
526 _aP128
526 _aP127
526 _aP120
526 _aP119
526 _aP118
526 _aP116
526 _aP115
526 _aP114
526 _aP110
526 _aP109
526 _aP108
526 _aP104
526 _aP103
526 _aP102
526 _aP99
526 _aP98
526 _aP97
526 _aP96
526 _aP95
526 _aP93
526 _aP90
526 _aP89
526 _aP88
526 _aP83
526 _aP82
526 _aP62
526 _aP59
526 _aP58
526 _aP57
526 _aP51
526 _aP49
526 _aP48
526 _aP47
526 _aP29
526 _aP24
526 _aP20
526 _aP19
526 _aP17
526 _aP15
526 _aP14
526 _aP12
526 _aP10
526 _aP09
526 _aP08
526 _aP07
526 _aP06
526 _aP05
526 _aP04
526 _aP01
650 0 4 _aPsicología social
_vEstudio de casos.
650 0 4 _aSociología.
650 0 4 _aPsicología social
_xInvestigaciones
_vEstudio de casos.
650 0 4 _aConducta social
_xInvestigaciones
_vEstudio de casos.
650 0 4 _aAutoestima
_xInvestigaciones
_vEstudio de casos.
650 0 4 _aSocial psychology
_vCase study.
650 0 4 _aSociology.
650 0 4 _aSocial psychology
_xInvestigations
_vStudy of cases.
650 0 4 _aSocial behavior
_xResearch
_vCase study.
650 0 4 _aSelf-esteem
_xResearch
_vCase study.
700 1 _aChico del Río, Mercedes,
_eautor.
910 _agl
910 _adbm
942 _2ddc
_cBK
949 _a302.34 D71
_wDEWEY
_c1
_i67764
_lCCODEBUL1
_mBUL
_p30.00
_r0
_sY
_tBOOK
_u2015-7-6
_xSALUD
_o.STAFF. Colección General
949 _a302.34 D71
_wDEWEY
_c2
_i67765
_lCCODEBUL1
_mBUL
_p30.00
_r0
_sY
_tBOOK
_u2015-7-6
_xSALUD
_o.STAFF. Colección General
949 _a316.6 D75 2013
_wDEWEY
_c1
_iFJ03432
_lCCODEBUJ1
_mBUJ
_p16.30
_r0
_sY
_tBOOK
_u2016-10-27
_xSALUD
_0COMPRA
_o.STAFF. Colección General Juliaca
999 _c55306
_d55306
980 _81
_gALBERTO SANCHEZ Responsable de Automatización